Návrh automatizovaného systému na príjem materiálov v spoločnosti ENVIRAL, a.s.

Salvato in:
Dettagli Bibliografici
Autore principale: Žitnáková, Tamara (Autore)
Altri autori: Fidlerová, Helena (Relatore della tesi)
Natura: Manoscritto Libro
Lingua:slovacco
Pubblicazione: 2025
Soggetti:
Accesso online:http://is.stuba.sk/zp/portal_zp.pl?podrobnosti=183800
Tags: Aggiungi Tag
Nessun Tag, puoi essere il primo ad aggiungerne!!

MARC

LEADER 00000ntm a22000003a 4500
001 stuzp104234
003 SK-STU
005 20250614212810.9
007 ta
008 150427s2015----xo-----f-mn---000-0-slo-d
040 |a STU  |b slo 
041 0 |a slo 
100 1 |a Žitnáková, Tamara  |u 064000  |4 aut  |U MTF Materiálovotechnologická fakulta  |T MTF Ústav priemyselného inžinierstva a manažmentu  |X 127760  |U M4000  |Y 84  |7 127760 
242 0 1 |a Design of an automated system for receiving materials in organisation ENVIRAL, a.s.  |y eng 
245 1 0 |a Návrh automatizovaného systému na príjem materiálov v spoločnosti ENVIRAL, a.s. 
260 |c 2025 
650 4 |a artificial intelligence  |2 eng 
650 4 |a automation  |2 eng 
650 4 |a material flow  |2 eng 
650 4 |a logistics  |2 eng 
650 4 |a materiálový tok  |2 slo 
650 4 |a umelá inteligencia  |2 slo 
650 4 |a automatizácia  |2 slo 
650 4 |a logistika  |2 slo 
700 1 |a Fidlerová, Helena  |u 064000  |k Z2  |4 ths  |U MTF Materiálovotechnologická fakulta  |T MTF Ústav priemyselného inžinierstva a manažmentu  |X 3662  |U M4000  |Y 84  |7 A000003662 
856 4 |u http://is.stuba.sk/zp/portal_zp.pl?podrobnosti=183800 
996 |c M* DP-15680  |l MMSKP  |s P  |a 0  |w stuzp104234_0001